000 00352nam a2200145Ia 4500
008 230312s9999||||xx |||||||||||||| ||und||
082 _a615.1
_bSHA-C
100 _aShabbir Ali
245 0 _aClassification of Drugs
260 _bMulti colour Publisher
_aPakistan
_c2009
300 _a79
546 _aEng.
650 _aPharmacy
_vPharmacy
942 _cBK
999 _c3707
_d3707